000 00638nam a2200277Ia 4500
005 20260324133451.0
008 008 260324s9999 xx 000 0 eng d
020 _a9780429214356
037 _aEBOOK
040 _aCRL
040 _beng
040 _cCRL
041 _2eng
041 _aeng
084 _qCRL
100 _aRichard C. Dorf
_91193209
245 0 _aCRC Handbook of Engineering Tables
260 _bTaylor and Francis
260 _c2003
365 _a
365 _b340
856 _uhttp://www.taylorfrancis.com/books/9780429214356
942 _cEBOOK
999 _c1792265
_d1792265